000 00518nam a2200181Ia 4500
005 20250508154957.0
008 008 250505s9999 xx 000 0 eng d
037 _aTextual
040 _aFEDL
_beng
_cFEDL
041 _aeng
_2eng
084 _a658.3, BRO
_qFEDL
100 _aBrown J A C
245 0 _aSocial psychology of industry: Human relations in the factory
260 _aHarmondsworth
_bPenguin Books Ltd
_c1962
300 _a309p
942 _cTEXL
_h658.3, BRO
999 _c1353239
_d1353239